Les 10 départements français les plus peuplés - Statistiques

Statistiques générales
  • Ce quiz a été pris 39 fois
    36 depuis la dernière actualisation
  • Le résultat moyen est 8 sur 10
Statistiques - réponses
Populations Départements % Correct
2 243 833 Paris
100%
1 972 018 Bouches du Rhône
88%
1 725 177 Rhône
88%
2 576 770 Nord
85%
1 522 048 Seine-Saint-Denis
82%
1 449 245 Gironde
76%
1 572 490 Hauts de Seine
76%
1 461 387 Pas de Calais
67%
1 327 732 Val-de-Marne
64%
1 408 765 Yvelines
58%
Aucun quiz correspondant
Distribution des résultats
% des personnes avec chaque résultat
Percentile par nombre de réponses
Votre historique - résultats
Vous n’avez pas pris ce quiz depuis la dernière actualisation